000 00913cam a2200193u 4500
082 0 0 _a621.3
_bEVD
_cL-9 P-65
100 _aEvdimov,F.E
_941193
110 2 _aMir publisher
_941194
245 0 0 _aFundamentals of electricity,
_cRewritten to conform to the Preinduction training course in fundamentals of electricity as prepared by the War department ...
260 _aMoscow,
_aCincinnati [etc.]
_bAmerican book company
_c[1943]
300 _avii, 194 p. incl. front., illus., diagrs.
_c24 cm.
490 0 _aTraining for victory
500 _a"Mr. Ralph P. Brown ... revised and edited the text."--Preface, signed: Russell J. Greenly, chief, Personnel division, Industrial relations department, Carnegie-Illinois steel corporation.
526 _a0
_b0
_c0
_d621_300000000000000_EVD
650 0 _aElectricity.
_939895
650 0 _aMCE
_9379
700 1 _aBrown, Ralph P., [from old catalog]
_941195
942 _2ddc
_cBK
999 _c545366
_d545366